Palme d'Or-winning directors – Sudden death - Statistics

General Stats
  • This quiz has been taken 56 times
  • The average score is 7 of 15
Answers on the Grid
Answers color-coded by a green-red scale on the quiz's grid according to % correct below.
Alfred Hitchcock
Ang Lee
Bong Joon-ho
David Lynch
Federico Fellini
Francis Ford Coppola
Gus Van Sant
Ingmar Bergman
Jane Campion
Jean-Luc Godard
Joel Coen
John Ford
Lars von Trier
Martin Scorsese
Michael Moore
Orson Welles
Pedro Almodovar
Quentin Tarantino
Robert Altman
Sofia Coppola
Spike Lee
Stanley Kubrick
Steven Soderbergh
Walt Disney
Wim Wenders
Wong Kar-Wai
Woody Allen
Yorgos Lanthimos
 
Answer Stats
Answer % Correct
Bong Joon-ho
71%
David Lynch
71%
Francis Ford Coppola
58%
Jane Campion
58%
Gus Van Sant
52%
Michael Moore
52%
Federico Fellini
48%
Lars von Trier
48%
Quentin Tarantino
48%
Martin Scorsese
45%
Steven Soderbergh
45%
Wim Wenders
45%
Joel Coen
39%
Robert Altman
32%
Orson Welles
19%
No matching quizzes found
Score Distribution
Percent of People with Each Score
Percentile by Number Answered
Your Score History
You have not taken this quiz